000 00627nam a2200217Ia 4500
003 OSt
005 20220925203843.0
006 a|||||r|||| 00| 0
007 ta
008 220923b |||||||| |||| 00| 0 eng d
037 _cGeneral Book
040 _aRTL
_cRTL
_beng
041 _2eng
_aeng
082 _aX:51oj89A, K5
100 _aTalley Walter
_9267164
245 0 _aProfitable product
_b Its planning launching and management
260 _aEnglewood
_bCliffs Printice Hall Inc
_c1965
300 _a200p
_ccm.
942 _hX:51oj89A, K5
_cGB
_2CC
999 _c547934
_d547934